书目信息 |
| 题名: |
化学危险品消防与急救手册
|
|
| 作者: | 本书编委会 编 | |
| 分册: | ||
| 出版信息: | 北京 化学工业出版社 1994.07 |
|
| 页数: | 560页 | |
| 开本: | 19cm | |
| 丛书名: | ||
| 单 册: | ||
| 中图分类: | X327-62 | |
| 科图分类: | ||
| 主题词: | 环境规划 , 环境管理 , 化工产品:危险材料--安全管理 | |
| 电子资源: | ||
| ISBN: | 7-5025-1387-6 | |
| 000 | 00715nam0 2200229 45 | |
| 001 | 0112070936 | |
| 005 | 20031219104051.7 | |
| 010 | @a7-5025-1387-6@dCNY25.00 | |
| 100 | @a20011207d1994 km y0chiy0120 ea | |
| 101 | 0 | @achi |
| 105 | @a z 000yy | |
| 200 | 1 | @a化学危险品消防与急救手册@AHua Xue Wei Xian Pin Xiao Fang Yu Ji Jiu Shou Ce@f本书编委会编@FBen Shu Bian Wei Hui Bian |
| 210 | @a北京@c化学工业出版社@d1994.07@h1996年8月3次印刷 | |
| 215 | @a560页@d19cm | |
| 320 | @a书末附:中文名称笔画索引 | |
| 606 | 0 | @a环境规划 |
| 606 | 0 | @a环境管理 |
| 606 | 0 | @a化工产品:危险材料@x安全管理 |
| 690 | @aX327-62@v4 | |
| 701 | 0 | @a本书编委会@4编 |
| 801 | @aCN@bTSTC@c20011207 | |
| 905 | @f7@b301220-226@dX327-62@e14 | |
| 化学危险品消防与急救手册/本书编委会编.-北京:化学工业出版社,1994.07(1996年8月3次印刷) |
| 560页;19cm |
| ISBN 7-5025-1387-6:CNY25.00 |
| ● |
| 相关链接 |
|
|
|
|
正题名:化学危险品消防与急救手册
索取号:X327-62/14
 
预约/预借
| 序号 | 登录号 | 条形码 | 馆藏地/架位号 | 状态 | 备注 |
| 1 | 0301220 | 203012202 | 第三借阅区/ [索取号:X327-62/14] | 在馆 | |
| 2 | 0301221 | 203012211 | 第三借阅区/ [索取号:X327-62/14] | 在馆 | |
| 3 | 0301222 | 203012220 | 第三借阅区/ [索取号:X327-62/14] | 在馆 | |
| 4 | 0301223 | 203012239 | 第三借阅区/ [索取号:X327-62/14] | 在馆 | |
| 5 | 0301224 | 203012248 | 第三借阅区/ [索取号:X327-62/14] | 在馆 | |
| 6 | 0301225 | 203012257 | 第三借阅区/ [索取号:X327-62/14] | 在馆 | |
| 7 | 0301226 | 203012266 | 第二样本阅览室/ [索取号:X327-62/14] | 在馆 |